Szczegóły MARC21

Świnoujście : fortyfikacje nowożytne w planach, projektach i rycinach = Swinemünde : neuzeitliche Fortifikationen auf Plänen, Entwürfen und Zeichnungen /

003 -Nazwa inst., której nr kontr. jest w polu 001 [,]
    • @
    • Nazwa instytucji, której n kontrolny jest w polu 001
    • NUKAT
005 -DATA I CZAS OSTATNIEJ MODYFIKACJI [,]
    • @
    • pole kontrolne
    • 20241231090424.0
020 -Międzynarod. znormalizowany nr książki - ISBN [ , ]
    • a
    • Numer ISBN
    • 8391704335 Find
040 -Instytucja sporządzająca opis [ , ]
    • a
    • Instytucja, która sporządziła opis (NP)
    • WR O/ZW
    • c
    • Instytucja, która sporządziła rekord (NP)
    • WR O/ZW
    • d
    • Instytucja, która zmodyfikowała rekord (P)
    • WR O/LC
    • d
    • Instytucja, która zmodyfikowała rekord (P)
    • WR O/ZWs
    • d
    • Instytucja, która zmodyfikowała rekord (P)
    • GL 001/IFW
041 -Język dokumentu [1, ]
    • a
    • Język tekstu (P)
    • polski
    • a
    • Język tekstu (P)
    • niemiecki
    • h
    • Język tekstu oryginalnego i/lub pośredniego (P)
    • polski
942 -Rodzaj dokumentu [ , ]
    • c
    • Rodzaj dokumentu
    • Książka
100 -Hasło główne - nazwa osobowa [1, ]
    • a
    • Nazwa osobowa (NP)
    • Biranowska-Kurtz, Alicja.
    • 9
    • KHW
    • 576634
245 -Strefa tytułu i oznaczenia odpowiedzialności [1,0]
    • a
    • Tytuł
    • Świnoujście : Find
    • b
    • Ciąg dalszy tytułu (NP)
    • fortyfikacje nowożytne w planach, projektach i rycinach = Swinemünde : neuzeitliche Fortifikationen auf Plänen, Entwürfen und Zeichnungen / Find
    • c
    • Pozostałe elementy strefy tytułu i oznaczenia odpowiedzialności (NP)
    • Alicja Biranowska-Kurtz ; [tł. na jęz. niem. Janusz Bykowski].
246 -Wariant tytułu [3,1]
    • a
    • Tytuł (NP)
    • Swinemünde :
    • b
    • Ciąg dalszy tytułu (NP)
    • neuzeitliche Fortifikationen auf Plänen, Entwürfen und Zeichnungen
260 -Strefa adresu wydawniczego [ , ]
    • a
    • Miejsce wydania (P)
    • Szczecin :
    • b
    • Nazwa wydawcy (P)
    • Univers,
    • c
    • Data wydania (P)
    • 2005.
300 -Strefa opisu fizycznego [ , ]
    • a
    • Określenie formy książki i/lub objętość (NP)
    • 266 s., [1] s. tabl. :
    • b
    • Oznaczenie ilustracji (NP)
    • il. ;
    • c
    • Format (NP)
    • 17x22 cm.
336 -Typ zawartości [ , ]
    • a
    • Termin opisujący typ zawartości
    • Tekst
    • b
    • Kod określający zawartość
    • txt
    • 2
    • Źródło (terminu i kodu)
    • rdacontent
337 -Typ mediów [ , ]
    • a
    • Tryb odtwarzania
    • Bez urządzenia pośredniczącego
    • b
    • Kod typu mediów
    • n
    • 2
    • Źródło (terminu i kodu)
    • rdamedia
338 -Typ/rodzaj nośnika [ , ]
    • a
    • Hasło opisujące typ nośnika
    • Wolumin
    • b
    • Kod typu nośnika
    • nc
    • 2
    • Źródło (terminu i kodu)
    • rdacarrier
504 -Uwaga dot. bibliogr. załącznikowej [ , ]
    • a
    • Uwaga dot. bibliografii załącznikowej
    • Indeksy.
546 -Uwaga dot. języka [ , ]
    • a
    • Uwaga dot. języka
    • Równolegle tekst pol. i przekł. niem.
080 -Uniwersalna Klasyfikacja Dziesiętna [ , ]
    • a
    • Symbol klasyfikacji
    • 623.1/.3(438)"16/19"(084.121)
650 -Hasło przedmiotowe [ ,7]
    • a
    • Hasło przedmiotowe
    • Fortyfikacje
    • z
    • Określnik geograficzny
    • Polska
    • z
    • Określnik geograficzny
    • Świnoujście
    • x
    • Określnik rzeczowy
    • historia.
    • 2
    • Źródło terminu
    • kaba
    • 9
    • KHW
    • 609518
980 -Symbol UKD [ , ]
    • a
    • UKD
    • 623.1/.3(438)"16/19"(084.121)
700 -Hasło dodatkowe - nazwa osobowa [1, ]
    • a
    • Nazwa osobowa (NP)
    • Bykowski, Janusz. Find
    • e
    • Określenie rodzaju współpracy
    • Tł.
    • 9
    • KHW
    • 45146
710 -Hasło dodatkowe - nazwa ciała zbiorowego [2, ]
    • a
    • Nazwa ciała zbiorowego lub nazwa geograficzna jako pierwszy element (NP)
    • Univers Biranowska Kurtz Alicja.
    • 4
    • Kod relacji
    • pbl
    • 9
    • KHW
    • 609373
920 -ISBN [ , ]
    • a
    • ISBN
    • 83-917043-3-5 Find
Data inwentaryzacji Lokalizacja Status udost. Numer inwentarzowy Sygnatura
2006-02-16BG1Z.105719Z.105719